विष्णु प्रभाकर : व्यक्तित्व एवं कृतित्व / (Record no. 117732)

MARC details
000 -LEADER
fixed length control field 01224nam a22002657a 4500
005 - DATE AND TIME OF LATEST TRANSACTION
control field 20170124103100.0
010 ## - LIBRARY OF CONGRESS CONTROL NUMBER
LC control number A-576666
020 ## - INTERNATIONAL STANDARD BOOK NUMBER
Terms of availability 140.00
035 ## - SYSTEM CONTROL NUMBER
System control number A-576666
037 ## - SOURCE OF ACQUISITION
Source of stock number/acquisition Cen Lib/Ret
040 ## - CATALOGING SOURCE
Original cataloging agency DPL
Language of cataloging HN
082 ## - DEWEY DECIMAL CLASSIFICATION NUMBER
Classification number 920
Item number नायडू
100 ## - MAIN ENTRY--PERSONAL NAME
Personal name नायडू, राजलक्ष्मी
9 (RLIN) 9690
245 ## - TITLE STATEMENT
Title विष्णु प्रभाकर : व्यक्तित्व एवं कृतित्व /
Statement of responsibility, etc राजलक्ष्मी नायडू
246 ## - VARYING FORM OF TITLE
Title proper/short title Vishnu Prabhakar : vyaktitv ewam krititv /
Remainder of title by Rajlakshmi Naidu
260 ## - PUBLICATION, DISTRIBUTION, ETC. (IMPRINT)
Place of publication, distribution, etc कानपुर
Name of publisher, distributor, etc विकास प्रकाशन
Date of publication, distribution, etc 1991
270 ## - ADDRESS
City कानपुर
Address 127/145, दवान्ब्ल्यु साकेतनगर
Postal code 208 014
300 ## - PHYSICAL DESCRIPTION
Extent 231पृ.
Dimensions 20सेमी(अजिल्द)
500 ## - GENERAL NOTE
General note संदर्भ शामिल
650 ## - SUBJECT ADDED ENTRY--TOPICAL TERM
Topical term or geographic name as entry element हिन्दी साहित्य
9 (RLIN) 76536
650 ## - SUBJECT ADDED ENTRY--TOPICAL TERM
Topical term or geographic name as entry element हिन्दी -- जीवनी - विष्णु प्रभाकर
9 (RLIN) 76537
650 ## - SUBJECT ADDED ENTRY--TOPICAL TERM
Topical term or geographic name as entry element Hindi literature
9 (RLIN) 76538
650 ## - SUBJECT ADDED ENTRY--TOPICAL TERM
Topical term or geographic name as entry element Hindi -- biography - Vishnu Prabhakar
9 (RLIN) 76539
942 ## - ADDED ENTRY ELEMENTS (KOHA)
Source of classification or shelving scheme Dewey Decimal Classification
Koha item type Hindi Books
Classification part 920
Call number suffix नायडू
Holdings
Withdrawn status Lost status Damaged status Not for loan Home library Current library Date acquired Source of acquisition Cost, normal purchase price Total Checkouts Full call number Barcode Date last seen Copy number Cost, replacement price Price effective from Koha item type
        Central Library Central Library 08/09/2015 Cen Lib/Ret 140.00   920 नायडू A-576666 08/09/2015 1 140.00 08/09/2015 Hindi Books

© Delhi Public Library
Hit Counter
free hit counter